Culture Générale - Série 2553 - Statistiques

Statistiques générales
  • Ce quiz a été pris 154 fois
  • Le résultat moyen est 4 sur 10
Statistiques - réponses
Question Réponse % Correct
Chiquenaude, petit coup donné avec un doigt - 10 lettres commençant par " p " pichenette
76%
Quelle est la capitale du Niger ? Niamey
55%
Quel animal est appelé "alose" ? poisson
51%
Qu'appelle- t-on "foehn" ? vent
49%
Un peu triste, morose (familier) - 10 lettres commençant par " t " tristounet
45%
Chair de grand gibier (cerf, chevreuil, daim, sanglier) - 8 lettres commençant par " v " venaison
36%
De quelle ville le bonbon légèrement acidulé, carré, plat, translucide et de couleur dorée, appelé "bergamote" est-il la spécialité ? voir photo Nancy
35%
Qui interprète "Chacun sa route", issu de la bande originale du film "Un indien dans la ville" ? Tonton David
32%
Que prétend accomplir un thaumaturge ? miracles
15%
Le rugbyman international Jacques Fouroux (1947-2005) était surnommé "Le petit ... caporal
11%
Aucun quiz correspondant
Distribution des résultats
% des personnes avec chaque résultat
Percentile par nombre de réponses
Votre historique - résultats
Vous n’avez pas pris ce quiz